[Event "SR 3. liga A2 2013/2014"]
[Site "?"]
[Date "2014.02.16"]
[Round "9.1"]
[White "Kolenak, Matus"]
[Black "Horecky, Peter"]
[Result "1/2-1/2"]
[WhiteElo "1949"]
[BlackElo "1697"]
[PlyCount "71"]
[EventDate "2013.??.??"]

1. d4 Nf6 2. c4 g6 3. Nc3 Bg7 4. e4 d6 5. Nf3 O-O 6. Be2 c6 7. O-O Nbd7 8. h3
e5 9. dxe5 dxe5 10. Be3 Qe7 11. Qc2 a5 12. a3 Nc5 13. Rfd1 Nh5 14. b4 Ne6 15.
c5 Nef4 16. Bf1 Be6 17. Nd2 Qg5 18. Kh2 Qe7 19. Nc4 Bxc4 20. Bxc4 axb4 21. axb4
Rxa1 22. Rxa1 Ne6 23. Rd1 Nd4 24. Qd2 Rd8 25. Kh1 Nf4 26. Bxf4 exf4 27. Qxf4
Ne6 28. Bxe6 Rxd1+ 29. Nxd1 Qxe6 30. Qb8+ Bf8 31. Ne3 Qxe4 32. Qxb7 Qb1+ 33.
Kh2 Bxc5 34. Qc8+ Bf8 35. Qxc6 Qxb4 36. g3 1/2-1/2

[Event "SR 3. liga A2 2013/2014"]
[Site "?"]
[Date "2014.02.16"]
[Round "9.1"]
[White "Rau, Vladimir"]
[Black "Krist, Milan"]
[Result "1/2-1/2"]
[WhiteElo "1637"]
[BlackElo "1946"]
[PlyCount "64"]
[EventDate "2013.??.??"]

1. d4 d5 2. c4 Nf6 3. Nf3 e6 4. Bg5 Be7 5. e3 O-O 6. Bd3 dxc4 7. Bxc4 Nbd7 8.
O-O b6 9. Nc3 Bb7 10. Rc1 Ne4 11. Bxe7 Qxe7 12. Nb5 c6 13. Nc3 Nxc3 14. bxc3
Qf6 15. Be2 Rfe8 16. Qb3 g6 17. c4 Qf5 18. Bd3 Qa5 19. Rfd1 Nf6 20. e4 Qh5 21.
Bb1 Nd7 22. Qe3 Kg7 23. a4 Rac8 24. Qc3 Kg8 25. Ba2 b5 26. c5 a6 27. axb5 axb5
28. Ra1 Ra8 29. Bb3 Qh6 30. Rxa8 Rxa8 31. Ra1 Qf8 32. h3 Qb8 1/2-1/2

[Event "SR 3. liga A2 2013/2014"]
[Site "?"]
[Date "2014.02.16"]
[Round "9.1"]
[White "Bukovsky, Milan"]
[Black "Vagovic, Milan"]
[Result "1-0"]
[WhiteElo "1930"]
[BlackElo "1702"]
[PlyCount "89"]
[EventDate "2013.??.??"]

1. d4 d5 2. c4 Nf6 3. Nc3 e6 4. Bg5 Be7 5. e3 O-O 6. Nf3 Nbd7 7. Rc1 c6 8. Bd3
Re8 9. O-O h6 10. Bh4 Qb6 11. Qc2 Qc7 12. cxd5 exd5 13. Bg3 Qd8 14. Nb5 Nf8 15.
Nc7 Be6 16. Nxa8 Qxa8 17. Bf5 Qc8 18. Bxe6 fxe6 19. Ne5 Ne4 20. Bf4 Qd8 21. f3
Nd6 22. Ng6 Nf5 23. Nxe7+ Qxe7 24. Rfe1 Ng6 25. Bg3 Qg5 26. Qf2 h5 27. f4 Qg4
28. Qf3 Qxf3 29. gxf3 Kf7 30. Kf1 a6 31. Ke2 Rc8 32. b4 b5 33. a4 Nge7 34. axb5
axb5 35. Ra1 g6 36. Ra7 Ke8 37. Rea1 Kd8 38. Ra8 Kd7 39. Rxc8 Nxc8 40. Kd3 Nfd6
41. Bh4 Nf5 42. Bf6 Nfe7 43. Rg1 Ng8 44. Rxg6 Nxf6 45. Rxf6 1-0

[Event "SR 3. liga A2 2013/2014"]
[Site "?"]
[Date "2014.02.16"]
[Round "9.1"]
[White "Capanda, Jan"]
[Black "Mosny, Jaroslav"]
[Result "0-1"]
[WhiteElo "1466"]
[BlackElo "1916"]
[PlyCount "66"]
[EventDate "2013.??.??"]

1. e4 e5 2. Nf3 d6 3. Bc4 Be7 4. h3 Nf6 5. d3 O-O 6. O-O Nbd7 7. Nc3 Nc5 8. b4
Ne6 9. a3 c6 10. Bb3 a5 11. Bd2 Bd7 12. Ne2 axb4 13. axb4 Qc7 14. Nh2 d5 15.
exd5 cxd5 16. c4 d4 17. Kh1 b6 18. Ng3 Nf4 19. Rxa8 Rxa8 20. Bxf4 exf4 21. Ne2
Bxb4 22. Nxd4 Bc5 23. Nhf3 Qd6 24. Ne2 Bf5 25. d4 Bb4 26. Ne5 g5 27. Nxf7 Qd7
28. Nxg5 h6 29. Nf3 Be4 30. Nxf4 Qf5 31. Nd5 Nxd5 32. cxd5 Bd6 33. Ne5 Qxh3+
0-1

[Event "SR 3. liga A2 2013/2014"]
[Site "?"]
[Date "2014.02.16"]
[Round "9.2"]
[White "Horak, Ivan"]
[Black "Cibulka, Vladimir"]
[Result "1/2-1/2"]
[WhiteElo "2070"]
[BlackElo "2238"]
[PlyCount "155"]
[EventDate "2013.??.??"]

1. e4 Nf6 2. e5 Nd5 3. d4 d6 4. c4 Nb6 5. exd6 cxd6 6. Nc3 g6 7. Be3 Bg7 8. Be2
O-O 9. Nf3 Nc6 10. O-O Bg4 11. b3 d5 12. c5 Nc8 13. Rb1 e6 14. b4 a6 15. h3
Bxf3 16. Bxf3 N8e7 17. g4 f5 18. Ne2 fxg4 19. Bxg4 Nf5 20. Bxf5 Rxf5 21. Ng3
Rf7 22. f4 Qh4 23. Kg2 Raf8 24. Qd2 Ne7 25. Rf2 Nf5 26. Nxf5 Rxf5 27. Rbf1 R5f7
28. a4 Qe7 29. b5 Ra8 30. b6 Qd7 31. a5 Rc8 32. Kg3 Rcf8 33. Kg2 Rf5 34. Rf3
Qa4 35. R3f2 Rc8 36. Qa2 Qb5 37. Qd2 Qb3 38. Rf3 Qa4 39. R3f2 Bf6 40. Qa2 Qb5
41. Qd2 Bh4 42. Rf3 Qa4 43. Bf2 Bf6 44. Be3 Kf7 45. Kg3 Ke7 46. Kg2 Kd7 47. Rb1
Rc6 48. Rff1 Rc8 49. Ra1 Qc6 50. Qa2 Rg8 51. Rf3 Rf8 52. Raf1 Bg7 53. Kg3 Rc8
54. Ra1 Qb5 55. Qa4 Qxa4 56. Rxa4 Rcf8 57. h4 h6 58. Rf2 Bf6 59. Raa2 Kc6 60.
Rab2 Be7 61. Kg4 R5f7 62. Rg2 Rg7 63. Rgf2 Rf5 64. Rh2 Bf8 65. Rhf2 Rgf7 66.
Kg3 Be7 67. Kg4 Rh5 68. Rh2 Bf6 69. Rb3 Rf5 70. Rf2 Rg7 71. Rbb2 Be7 72. Rb3
Rgf7 73. Rbb2 Rf8 74. Kg3 Rg8 75. Kg4 Bf6 76. Rb3 Bg7 77. Rbb2 Rgf8 78. Kg3
1/2-1/2

[Event "SR 3. liga A2 2013/2014"]
[Site "?"]
[Date "2014.02.16"]
[Round "9.2"]
[White "Ivan, Imrich"]
[Black "Sefcik, Marek"]
[Result "0-1"]
[WhiteElo "2071"]
[BlackElo "2030"]
[PlyCount "100"]
[EventDate "2013.??.??"]

1. Nf3 d6 2. d4 c6 3. Bf4 Bg4 4. e3 Nd7 5. Be2 Ngf6 6. h3 Bxf3 7. Bxf3 e5 8.
Bg5 exd4 9. exd4 Be7 10. O-O O-O 11. c4 Nb6 12. b3 d5 13. c5 Nbd7 14. Nc3 Ne8
15. Bf4 Kh8 16. Qd2 f5 17. Bd1 Ndf6 18. f3 Nh5 19. Be5 Bf6 20. f4 Ng3 21. Re1
Bh4 22. Re3 Nf6 23. Bc2 Qd7 24. Qd3 Nfe4 25. Ne2 Nxe2+ 26. Rxe2 Rae8 27. b4 Bf6
28. a4 Bxe5 29. fxe5 g6 30. b5 f4 31. Kh2 Qe7 32. bxc6 bxc6 33. Qa6 Ng3 34. Rf2
Rc8 35. Rxf4 Rxf4 36. Qxc8+ Rf8 37. Qg4 Nf1+ 38. Rxf1 Rxf1 39. Qc8+ Qf8 40.
Qxf8+ Rxf8 41. Kg3 Kg7 42. Bd3 Kf7 43. Kg4 Ke6 44. Kg5 Rf2 45. g4 Rd2 46. Ba6
Rxd4 47. Bb7 Rc4 48. Bxc6 Rxc5 49. Bb5 Kxe5 50. Kh6 Rxb5 0-1

[Event "SR 3. liga A2 2013/2014"]
[Site "?"]
[Date "2014.02.16"]
[Round "9.2"]
[White "Chabada, Tomas"]
[Black "Vegh, Vince"]
[Result "1/2-1/2"]
[WhiteElo "1972"]
[BlackElo "1938"]
[PlyCount "95"]
[EventDate "2013.??.??"]

1. e4 c5 2. Nf3 Nc6 3. d4 cxd4 4. Nxd4 e5 5. Nb5 d6 6. N1c3 a6 7. Na3 b5 8. Nd5
Nf6 9. Bg5 Be7 10. Bxf6 Bxf6 11. c3 Bg5 12. Nc2 O-O 13. h4 Bh6 14. g3 Kh8 15.
Bg2 Rb8 16. O-O f5 17. exf5 Bxf5 18. Nce3 Be6 19. Ng4 Bxg4 20. Qxg4 Ne7 21.
Rad1 Nxd5 22. Rxd5 Qb6 23. Qe2 Rf6 24. g4 Bf4 25. g5 Rff8 26. Qd3 Rbd8 27. Rd1
e4 28. Qxe4 Bg3 29. Kh1 Rxf2 30. Rf5 Rf8 31. Rf1 Rxf1+ 32. Bxf1 Qd8 33. h5 Re8
34. Qf3 Be5 35. Bd3 b4 36. Rf7 Qc8 37. Bxa6 Qd8 38. Bd3 Qc8 39. Kg2 bxc3 40. h6
cxb2 41. hxg7+ Bxg7 42. Qh5 Qc6+ 43. Rf3 Re2+ 44. Kh3 Qc8+ 45. Bf5 Qxf5+ 46.
Rxf5 Re3+ 47. Rf3 b1=Q 48. Rxe3 1/2-1/2

[Event "SR 3. liga A2 2013/2014"]
[Site "?"]
[Date "2014.02.16"]
[Round "9.2"]
[White "Csefalvay, Stefan"]
[Black "Kovarik, Oto"]
[Result "0-1"]
[WhiteElo "1852"]
[BlackElo "1925"]
[PlyCount "116"]
[EventDate "2013.??.??"]

1. b3 d5 2. Bb2 c5 3. Nf3 e6 4. e3 Nf6 5. c4 a6 6. Be2 Nc6 7. d4 cxd4 8. Nxd4
Bb4+ 9. Kf1 O-O 10. a3 Bd6 11. cxd5 Nxd4 12. Qxd4 e5 13. Qd3 e4 14. Qd2 b5 15.
Nc3 Bb7 16. f3 b4 17. axb4 Bxb4 18. Qd4 Bxc3 19. Bxc3 Qxd5 20. Qb6 Nd7 21. Qd4
Qxd4 22. Bxd4 exf3 23. gxf3 Rfc8 24. Rg1 g6 25. Kf2 Rc2 26. Rgc1 Rac8 27. Rxc2
Rxc2 28. e4 Nb8 29. Ke3 Nc6 30. Bf6 Nb8 31. Rd1 Rc8 32. h4 h5 33. Bc4 Kf8 34.
Rd6 Nc6 35. Rd7 Ba8 36. Bxf7 Nb8 37. Ra7 Nc6 38. Rd7 Nb8 39. Ra7 Nc6 40. Rxa8
Rxa8 41. Bxg6 Rb8 42. Bxh5 Rxb3+ 43. Kf4 a5 44. Bg4 Kf7 45. e5 a4 46. Kg5 Rb5
47. f4 a3 48. Bf5 Nd4 49. Bg6+ Ke6 50. f5+ Kd5 51. Be7 Ra5 52. Bf7+ Kxe5 53.
Bf6+ Ke4 54. Bxd4 Rxf5+ 55. Kg6 Rxf7 56. Bc3 Rc7 57. Bh8 Kf4 58. Ba1 Kg4 0-1

[Event "SR 3. liga A2 2013/2014"]
[Site "?"]
[Date "2014.02.16"]
[Round "9.2"]
[White "Kahanek, Jaroslav"]
[Black "Vizvari, Ludovit"]
[Result "0-1"]
[WhiteElo "1861"]
[BlackElo "1996"]
[PlyCount "76"]
[EventDate "2013.??.??"]

1. d4 d5 2. Nc3 e6 3. e3 Nf6 4. a3 c5 5. dxc5 Bxc5 6. b4 Be7 7. Nf3 a6 8. Bb2
O-O 9. Bd3 b5 10. Ne5 Bb7 11. O-O Qc7 12. Ne2 Nfd7 13. f4 Bf6 14. Nxd7 Nxd7 15.
Bd4 e5 16. fxe5 Bxe5 17. Nf4 Nf6 18. Nh5 Ne4 19. Bxe4 dxe4 20. Rf5 Bxd4 21.
Qxd4 f6 22. Rc5 Qe7 23. Nf4 Rfd8 24. Qc3 Rac8 25. Qb3+ Kh8 26. Rh5 Qe8 27. Rh3
Rc4 28. a4 Rd2 29. c3 g5 30. Nh5 Rd6 31. Rf1 Qg6 32. Rd1 Rd3 33. g4 Bc8 34.
Rxd3 exd3 35. axb5 axb5 36. Rg3 Bxg4 37. Nf4 gxf4 38. exf4 d2 0-1

[Event "SR 3. liga A2 2013/2014"]
[Site "?"]
[Date "2014.02.16"]
[Round "9.2"]
[White "Kahancova, Jana"]
[Black "Husek, Lubomir"]
[Result "1/2-1/2"]
[WhiteElo "1652"]
[BlackElo "1829"]
[PlyCount "102"]
[EventDate "2013.??.??"]

1. e4 c5 2. Nf3 Nc6 3. d4 cxd4 4. Nxd4 Nf6 5. Nc3 e5 6. Ndb5 d6 7. f3 a6 8. Na3
b5 9. Nd5 Rb8 10. Be3 Ne7 11. Nxf6+ gxf6 12. Qd2 h5 13. O-O-O Ng6 14. Kb1 Qc7
15. f4 Bg4 16. Re1 exf4 17. Bxf4 Ne5 18. Qd4 Be6 19. c3 Bh6 20. Bg3 Ke7 21. Be2
Bg7 22. Bh4 Qc5 23. Nc2 a5 24. Bf2 Qc7 25. Ne3 b4 26. Rc1 Qb7 27. cxb4 axb4 28.
Nc4 Nxc4 29. Bxc4 Bh6 30. Rcd1 Bf4 31. Bg3 Bxg3 32. hxg3 Rbd8 33. Rdf1 Rh6 34.
Bxe6 fxe6 35. g4 e5 36. Qe3 Rdh8 37. g5 Rg6 38. Qf3 b3 39. a3 h4 40. Qf5 Kf7
41. Qf3 h3 42. gxh3 Rh4 43. Ka1 Rf4 44. Qd3 fxg5 45. Rf3 Ke7 46. Rg1 Qb6 47.
Re1 Rxf3 48. Qxf3 Rf6 49. Qc3 Rf4 50. Qg3 Qf2 51. Qxg5+ Rf6 1/2-1/2

[Event "SR 3. liga A2 2013/2014"]
[Site "?"]
[Date "2014.02.16"]
[Round "9.2"]
[White "Holiencin, Filip"]
[Black "Szabo, Julius"]
[Result "0-1"]
[WhiteElo "1828"]
[BlackElo "1688"]
[PlyCount "82"]
[EventDate "2013.??.??"]

1. d4 d5 2. c4 c6 3. Nc3 e6 4. Nf3 Nd7 5. e3 Ngf6 6. Qc2 Be7 7. Bd3 O-O 8. O-O
b6 9. cxd5 cxd5 10. b3 Bb7 11. Bb2 Rc8 12. Qe2 Qc7 13. Rac1 Qb8 14. Nb5 Rxc1
15. Rxc1 Rc8 16. Rxc8+ Bxc8 17. Qc2 a5 18. Ne5 Bb7 19. Nxd7 Nxd7 20. Bxh7+ Kh8
21. Bd3 Nf6 22. f3 g6 23. Qe2 Bc6 24. Qc2 Bb7 25. Qe2 Bc6 26. Qc2 Bb7 27. a3
Kg7 28. Qe2 Bc6 29. Nc3 Bd6 30. g4 Nd7 31. Nb5 Be7 32. Qc2 Bb7 33. f4 Ba6 34.
Nc7 Bxd3 35. Nxe6+ fxe6 36. Qxd3 Nf6 37. g5 Ne4 38. Qc2 Qh8 39. Qc7 Kf7 40. a4
Qh4 41. Ba3 Qf2+ 0-1

[Event "SR 3. liga A2 2013/2014"]
[Site "?"]
[Date "2014.02.16"]
[Round "9.2"]
[White "Pszota, Mate"]
[Black "Hrubos, Milan"]
[Result "1/2-1/2"]
[WhiteElo "1475"]
[BlackElo "1772"]
[PlyCount "120"]
[EventDate "2013.??.??"]

1. e4 e5 2. Nf3 Nc6 3. Nc3 Nf6 4. Bc4 Bc5 5. d3 h6 6. O-O O-O 7. Re1 a6 8. a3
d6 9. h3 Be6 10. b4 Ba7 11. Nd5 b5 12. Ba2 Nb8 13. c4 c6 14. Nc3 Nbd7 15. a4
Bd4 16. Bb2 Qb8 17. Nxd4 exd4 18. Ne2 c5 19. bxc5 dxc5 20. Ng3 bxc4 21. Ba3 c3
22. a5 Bxa2 23. Rxa2 Qc7 24. Qa4 Rab8 25. Nf5 Rb5 26. Nxd4 Rxa5 27. Qc4 Rc8 28.
Nb3 Rb5 29. Qxc3 Ne5 30. Rc1 c4 31. Nd4 Rb7 32. dxc4 Qxc4 33. Rac2 Qxc3 34.
Rxc3 Rxc3 35. Rxc3 Nxe4 36. Rc8+ Kh7 37. Ra8 Rb1+ 38. Kh2 Nxf2 39. Rxa6 Rh1+
40. Kg3 Rf1 41. Bb2 Ne4+ 42. Kh2 Nd3 43. Ba1 Ndf2 44. g4 Rh1+ 45. Kg2 Rxh3 46.
Ra7 Rg3+ 47. Kf1 Rxg4 48. Rxf7 Nh3 49. Nf3 Nd2+ 50. Ke2 Nxf3 51. Kxf3 Rg1 52.
Ra7 Rg6 53. Ke4 Nf2+ 54. Kf3 Ng4 55. Rxg7+ Rxg7 56. Bxg7 Kxg7 57. Kxg4 Kg6 58.
Kh4 h5 59. Kh3 Kg5 60. Kg3 h4+ 1/2-1/2

[Event "SR 3. liga A2 2013/2014"]
[Site "?"]
[Date "2014.02.16"]
[Round "9.3"]
[White "Sebesta, Radovan"]
[Black "Bisco, Igor"]
[Result "1/2-1/2"]
[WhiteElo "2035"]
[BlackElo "2086"]
[PlyCount "51"]
[EventDate "2013.??.??"]

1. d4 Nf6 2. c4 g6 3. Nc3 Bg7 4. Nf3 d6 5. Bg5 O-O 6. e3 Nbd7 7. Be2 Re8 8. O-O
e5 9. Qc2 c6 10. Rad1 Qc7 11. dxe5 dxe5 12. e4 Nc5 13. Be3 Ne6 14. h3 b6 15.
Rd2 Bb7 16. Rfd1 Rad8 17. b3 h6 18. Rxd8 Rxd8 19. Rxd8+ Nxd8 20. Qd2 Kh7 21.
Nh2 Ne6 22. Ng4 Nxg4 23. Bxg4 Bc8 24. Ne2 h5 25. Bxe6 Bxe6 26. Nc3 1/2-1/2

[Event "SR 3. liga A2 2013/2014"]
[Site "?"]
[Date "2014.02.16"]
[Round "9.3"]
[White "Hertel, Ondrej"]
[Black "Lanik, Miroslav"]
[Result "1/2-1/2"]
[WhiteElo "2055"]
[BlackElo "1925"]
[PlyCount "46"]
[EventDate "2013.??.??"]

1. d4 Nf6 2. Nf3 e6 3. c4 b6 4. Nc3 Bb7 5. Bg5 Be7 6. e3 O-O 7. Rc1 h6 8. Bh4
d6 9. Bd3 Nbd7 10. O-O c5 11. Bb1 d5 12. cxd5 exd5 13. Qc2 Ne4 14. Bxe7 Qxe7
15. Rfd1 Rfd8 16. dxc5 Ndxc5 17. Nd4 g6 18. Nxe4 Nxe4 19. Qc7 Rd7 20. Qf4 Kg7
21. Bxe4 dxe4 22. h3 Rad8 23. Rc3 Qf6 1/2-1/2

[Event "SR 3. liga A2 2013/2014"]
[Site "?"]
[Date "2014.02.16"]
[Round "9.3"]
[White "Palka, Martin"]
[Black "Krajcovic, Branislav"]
[Result "1/2-1/2"]
[WhiteElo "1881"]
[BlackElo "2046"]
[PlyCount "29"]
[EventDate "2013.??.??"]

1. Nf3 d5 2. c4 c6 3. Qc2 Nf6 4. g3 g6 5. Bg2 Bg7 6. O-O O-O 7. d3 Nbd7 8. cxd5
Nxd5 9. Nc3 N7b6 10. a3 Bd7 11. e4 Nxc3 12. bxc3 c5 13. a4 Rc8 14. a5 Na8 15.
Be3 1/2-1/2

[Event "SR 3. liga A2 2013/2014"]
[Site "?"]
[Date "2014.02.16"]
[Round "9.3"]
[White "Drgon, Matus"]
[Black "Palka, Miroslav"]
[Result "1/2-1/2"]
[WhiteElo "1712"]
[BlackElo "1924"]
[PlyCount "87"]
[EventDate "2013.??.??"]

1. e4 c5 2. Nf3 d6 3. d4 cxd4 4. Nxd4 Nf6 5. Nc3 g6 6. Be3 Bg7 7. Bb5+ Bd7 8.
Bxd7+ Nbxd7 9. O-O O-O 10. f3 Rc8 11. Qd2 a6 12. Nce2 Qc7 13. c3 d5 14. exd5
Nxd5 15. Bf2 N7f6 16. Rfe1 e6 17. Rad1 Rfd8 18. Qc1 e5 19. Nb3 b5 20. Ng3 Rd7
21. Nd2 Rcd8 22. Nde4 Nxe4 23. Nxe4 Nf6 24. Nxf6+ Bxf6 25. Be3 Rxd1 26. Rxd1
Rxd1+ 27. Qxd1 Qd8 28. Qxd8+ Bxd8 29. Kf2 f5 30. Ke2 Kf7 31. Kd3 Ke6 32. b3 Kd5
33. c4+ bxc4+ 34. bxc4+ Kc6 35. Kc3 Be7 36. h3 h5 37. g4 Bd6 38. gxf5 gxf5 39.
Bf2 Bc7 40. Bh4 Bd6 41. Bf6 Kc5 42. Bg7 Kc6 43. Bf6 Kc5 44. Bg7 1/2-1/2

[Event "SR 3. liga A2 2013/2014"]
[Site "?"]
[Date "2014.02.16"]
[Round "9.3"]
[White "Skapikova, Lubica"]
[Black "Gajarsky, Roman"]
[Result "1-0"]
[WhiteElo "1893"]
[BlackElo "1797"]
[PlyCount "67"]
[EventDate "2013.??.??"]

1. e4 e5 2. Nf3 Nc6 3. Bb5 a6 4. Ba4 Nf6 5. O-O b5 6. Bb3 Be7 7. Re1 d6 8. c3
O-O 9. h3 Na5 10. Bc2 c5 11. d4 Qc7 12. Nbd2 cxd4 13. cxd4 exd4 14. Nxd4 Nc4
15. Nxc4 bxc4 16. Bd2 Be6 17. Bc3 Nd7 18. f4 Nc5 19. Qf3 Bf6 20. Nxe6 fxe6 21.
e5 dxe5 22. fxe5 Bh4 23. Bxh7+ Kxh7 24. Qh5+ Kg8 25. Qxh4 Nd3 26. Re4 Qa7+ 27.
Kh2 Rf5 28. Rxc4 Nxe5 29. Bxe5 Rxe5 30. Rac1 Rf5 31. Rc7 Qb8 32. Qe7 Qf8 33.
Qxe6+ Kh8 34. Rc8 1-0

[Event "SR 3. liga A2 2013/2014"]
[Site "?"]
[Date "2014.02.16"]
[Round "9.3"]
[White "Barca, Michal"]
[Black "Havlicek, Peter"]
[Result "1/2-1/2"]
[WhiteElo "1807"]
[BlackElo "1851"]
[PlyCount "97"]
[EventDate "2013.??.??"]

1. c4 e6 2. Nc3 d5 3. d4 c5 4. cxd5 cxd4 5. Qxd4 Nc6 6. Qd1 exd5 7. Nxd5 Be6 8.
Nc3 Qb6 9. e3 Nf6 10. Nf3 Rd8 11. Qa4 Bd6 12. Be2 O-O 13. O-O Rfe8 14. Rd1 a6
15. Bd2 Bf5 16. Bc1 Nb4 17. Nd4 Bd7 18. Qb3 Qc7 19. h3 Nc6 20. Bf3 Nxd4 21.
exd4 b5 22. Bg5 Be6 23. d5 Bf5 24. Rac1 Qe7 25. Ne2 h6 26. Bh4 Be4 27. Nd4 Qe5
28. Bg3 Qg5 29. Bxd6 Rxd6 30. Bxe4 Rxe4 31. Nf3 Qf4 32. Rc8+ Kh7 33. Rc6 g6 34.
Rxd6 Qxd6 35. Qa3 b4 36. Qd3 Rf4 37. Qb3 Rf5 38. a3 bxa3 39. Qxa3 Qxa3 40. bxa3
Rxd5 41. Rxd5 Nxd5 42. Ne5 Kg7 43. Kf1 Nb6 44. Ke2 Kf6 45. Nc6 Nc4 46. a4 Ke6
47. a5 Kd6 48. Nb4 Nxa5 49. Nxa6 1/2-1/2

[Event "SR 3. liga A2 2013/2014"]
[Site "?"]
[Date "2014.02.16"]
[Round "9.3"]
[White "Zisek, Jaroslav"]
[Black "Janas, Peter"]
[Result "1/2-1/2"]
[WhiteElo "1821"]
[BlackElo "1707"]
[PlyCount "66"]
[EventDate "2013.??.??"]

1. c4 Nf6 2. d4 c5 3. dxc5 Nc6 4. Nc3 e6 5. Bg5 Bxc5 6. Nf3 h6 7. Bh4 O-O 8. e4
Be7 9. e5 Nh7 10. Bxe7 Qxe7 11. Ne4 f6 12. exf6 Nxf6 13. Nc3 b6 14. Qd2 Bb7 15.
Be2 Rac8 16. O-O Qc5 17. Rac1 Ne5 18. b4 Qc6 19. Nb5 Ra8 20. Nd6 Nf7 21. Nxb7
Qxb7 22. Rfd1 Qc7 23. Bd3 Ne5 24. Nxe5 Qxe5 25. Re1 Qh5 26. f3 Rac8 27. Qe3 Rf7
28. Qd4 Qg5 29. Rc2 Nh7 30. Rec1 Rd8 31. Bxh7+ Kxh7 32. Qe4+ Qg6 33. Qxg6+ Kxg6
1/2-1/2

[Event "SR 3. liga A2 2013/2014"]
[Site "?"]
[Date "2014.02.16"]
[Round "9.3"]
[White "Niznansky, Lukas"]
[Black "Fidericky, Milan"]
[Result "1-0"]
[WhiteElo "1684"]
[BlackElo "1816"]
[PlyCount "85"]
[EventDate "2013.??.??"]

1. e4 e5 2. Nf3 Nf6 3. Nxe5 d6 4. Nf3 Nxe4 5. d3 Nf6 6. d4 d5 7. Bd3 c5 8. c3
Nc6 9. Bg5 Bg4 10. Be2 Be7 11. O-O O-O 12. dxc5 Bxc5 13. Nbd2 Re8 14. Nb3 Bb6
15. Re1 Qd6 16. Nfd4 Bxe2 17. Rxe2 Rxe2 18. Qxe2 Re8 19. Be3 a6 20. Re1 Rc8 21.
Nf5 Qd8 22. Bxb6 Qxb6 23. Qd2 Rd8 24. h3 h6 25. Qe3 Qxe3 26. Rxe3 Re8 27. Rxe8+
Nxe8 28. Nc5 Nd8 29. Ne7+ Kf8 30. Nxd5 Nd6 31. f3 Ke8 32. Kf2 Nc6 33. b3 Ne7
34. Nxe7 Kxe7 35. Ke3 Kd8 36. Kf4 Kc7 37. c4 Kc6 38. Ne4 b5 39. Nxd6 Kxd6 40.
cxb5 axb5 41. a4 bxa4 42. bxa4 Kc5 43. Ke5 1-0

[Event "SR 3. liga A2 2013/2014"]
[Site "?"]
[Date "2014.02.16"]
[Round "9.4"]
[White "Seitler, Andrej"]
[Black "Danada, Tomas"]
[Result "0-1"]
[WhiteElo "2226"]
[BlackElo "2099"]
[PlyCount "80"]
[EventDate "2013.??.??"]

1. d4 g6 2. e4 Bg7 3. Nc3 d6 4. Be3 a6 5. f4 b5 6. Qf3 Bb7 7. f5 b4 8. Nd1 Nf6
9. Nf2 Nbd7 10. Bd3 c5 11. Ne2 Qa5 12. O-O cxd4 13. Nxd4 Ne5 14. Qe2 d5 15. Nb3
Qc7 16. Bd4 O-O 17. Rae1 a5 18. exd5 Nxd3 19. Nxd3 Nxd5 20. Bxg7 Kxg7 21. Nd4
Rad8 22. Kh1 Ba6 23. Rf3 Nf6 24. Nb3 Bxd3 25. cxd3 a4 26. Rc1 Qa7 27. Nc5 Rd5
28. Ne4 Nxe4 29. dxe4 Rc5 30. Rcf1 Qc7 31. Qf2 f6 32. Qd2 Rc2 33. Qxb4 Rb8 34.
Qxa4 Rbxb2 35. Rg3 Qf4 36. Rg1 Rc1 37. Qd4 Rbb1 38. Rf3 Rxg1+ 39. Qxg1 Rxg1+
40. Kxg1 Qxe4 0-1

[Event "SR 3. liga A2 2013/2014"]
[Site "?"]
[Date "2014.02.16"]
[Round "9.4"]
[White "Spacek, Oliver"]
[Black "Abel, Peter"]
[Result "1/2-1/2"]
[WhiteElo "2041"]
[BlackElo "2188"]
[PlyCount "36"]
[EventDate "2013.??.??"]

1. d4 Nf6 2. Nf3 d5 3. c4 e6 4. g3 Be7 5. Bg2 Nbd7 6. O-O O-O 7. Qc2 c5 8. cxd5
Nxd5 9. dxc5 Nxc5 10. a3 a5 11. e4 Nf6 12. Nc3 Qd3 13. Qxd3 Nxd3 14. Rd1 Rd8
15. h3 Nxc1 16. Raxc1 Rxd1+ 17. Rxd1 Nd7 18. Nb5 Nb6 1/2-1/2

[Event "SR 3. liga A2 2013/2014"]
[Site "?"]
[Date "2014.02.16"]
[Round "9.4"]
[White "Mihalik, Marek"]
[Black "Nemeckay, Rastislav"]
[Result "1/2-1/2"]
[WhiteElo "2031"]
[BlackElo "1986"]
[PlyCount "42"]
[EventDate "2013.??.??"]

1. d4 d5 2. c4 c6 3. Nf3 Nf6 4. Nc3 a6 5. cxd5 cxd5 6. h3 Bf5 7. Qb3 Bc8 8. Bg5
e6 9. Rc1 Nbd7 10. e3 b5 11. Bd3 Be7 12. O-O O-O 13. Ne5 Nxe5 14. dxe5 Nd7 15.
Bxe7 Qxe7 16. f4 Bb7 17. Bb1 Rac8 18. Ne2 g6 19. Rxc8 Rxc8 20. Rc1 Rxc1+ 21.
Nxc1 Qc5 1/2-1/2

[Event "SR 3. liga A2 2013/2014"]
[Site "?"]
[Date "2014.02.16"]
[Round "9.4"]
[White "Spacek, Marcel"]
[Black "Manak, Jozef"]
[Result "0-1"]
[WhiteElo "1818"]
[BlackElo "1998"]
[PlyCount "66"]
[EventDate "2013.??.??"]

1. d4 Nf6 2. c4 e6 3. g3 d5 4. Nf3 c6 5. Bg2 Bd6 6. b3 dxc4 7. bxc4 O-O 8. O-O
c5 9. e3 Nc6 10. Nbd2 cxd4 11. exd4 Qc7 12. Qc2 Bd7 13. Ne4 Be7 14. Bf4 Qa5 15.
Nd6 Bxd6 16. Bxd6 Rfd8 17. Rab1 Qa6 18. Rfe1 Rac8 19. c5 b6 20. Qb2 Nd5 21. Ng5
Na5 22. Bf1 Qb7 23. Bd3 h6 24. Ne4 Bc6 25. Qe2 Qd7 26. Qg4 f5 27. Qg6 fxe4 28.
Bxe4 Nf6 29. Bd3 Qf7 30. Qxf7+ Kxf7 31. Ba6 Ra8 32. Bc7 Rd7 33. cxb6 Rxc7 0-1

[Event "SR 3. liga A2 2013/2014"]
[Site "?"]
[Date "2014.02.16"]
[Round "9.4"]
[White "Mihalik, Anton"]
[Black "Ocko, Martin"]
[Result "1/2-1/2"]
[WhiteElo "1942"]
[BlackElo "1736"]
[PlyCount "69"]
[EventDate "2013.??.??"]

1. c4 g6 2. Nc3 Bg7 3. g3 Nf6 4. Bg2 O-O 5. Nf3 d6 6. O-O Nc6 7. d4 e5 8. e4
Bg4 9. d5 Nd4 10. h3 Nxf3+ 11. Bxf3 Bxh3 12. Re1 Bd7 13. Be3 Qc8 14. Qc1 Ng4
15. Be2 f5 16. Bxg4 fxg4 17. Bh6 Rf3 18. Be3 Qd8 19. Kg2 h5 20. Rh1 Qf8 21. Ne2
Bh6 22. Bxh6 Rxf2+ 23. Kg1 Qf3 24. Rh2 Rxh2 25. Kxh2 Qxe2+ 26. Kg1 Qf3 27. Qe3
Qxe3+ 28. Bxe3 a6 29. Rf1 Rf8 30. Ba7 Rxf1+ 31. Kxf1 c6 32. Bb8 cxd5 33. cxd5
Kf7 34. Bxd6 Kf6 35. Bc7 1/2-1/2

[Event "SR 3. liga A2 2013/2014"]
[Site "?"]
[Date "2014.02.16"]
[Round "9.4"]
[White "Pipiska, Adam"]
[Black "Gono, Michal"]
[Result "1-0"]
[WhiteElo "1737"]
[BlackElo "1941"]
[PlyCount "65"]
[EventDate "2013.??.??"]

1. e4 Nf6 2. e5 Nd5 3. c4 Nb6 4. d4 d6 5. exd6 cxd6 6. Bf4 g6 7. Be2 Bg7 8. Nf3
Nc6 9. O-O O-O 10. Qd2 Re8 11. d5 Nb8 12. Bh6 Bh8 13. Nc3 Bg4 14. Ng5 Bxe2 15.
Qxe2 Qc8 16. Nb5 Na6 17. Rac1 Qf5 18. Rfe1 Qe5 19. Qf3 Qf6 20. Qh3 Qf5 21. Qxf5
gxf5 22. Re3 Be5 23. Nf3 Bg7 24. Bxg7 Kxg7 25. b3 Kf6 26. Rce1 Nc8 27. Nfd4 Rd8
28. Rf3 Rd7 29. Rxf5+ Kg6 30. Re3 h6 31. Rg3+ Kh7 32. Rh5 Nc5 33. Nf5 1-0

[Event "SR 3. liga A2 2013/2014"]
[Site "?"]
[Date "2014.02.16"]
[Round "9.4"]
[White "Nemsak, Denis"]
[Black "Diviak, Rudolf"]
[Result "1/2-1/2"]
[WhiteElo "1913"]
[BlackElo "1797"]
[PlyCount "130"]
[EventDate "2013.??.??"]

1. c4 e5 2. Nc3 Bb4 3. g3 Nf6 4. Bg2 O-O 5. Qb3 Nc6 6. e3 Bc5 7. Nf3 d6 8. O-O
Rb8 9. a3 Be6 10. Ng5 Bf5 11. Na4 Na5 12. Qc3 Bb6 13. d3 h6 14. Nf3 Qd7 15.
Nxb6 axb6 16. Ne1 Qa4 17. f4 e4 18. b4 Qb3 19. Bb2 Qxc3 20. Bxc3 Nc6 21. Bxf6
gxf6 22. dxe4 Be6 23. Rc1 Rbe8 24. Rc3 Re7 25. Nf3 Rfe8 26. Nd4 Bd7 27. Nb5 Bc8
28. Kf2 Bg4 29. h3 Bh5 30. g4 Bg6 31. f5 Bh7 32. Rd1 Ne5 33. c5 Rd7 34. cxb6 c6
35. Nd4 Ra8 36. Ne2 Ra6 37. Nf4 Kf8 38. Bf1 Rxb6 39. Nd3 Ke7 40. Nb2 c5 41. Na4
Rc6 42. Bb5 cxb4 43. axb4 Rxc3 44. Nxc3 Rd8 45. Nd5+ Kf8 46. Rc1 Ra8 47. Rc7
Ra2+ 48. Kg3 Kg7 49. Nf4 Ra3 50. Nh5+ Kh8 51. Rc8+ Bg8 52. Nxf6 Kg7 53. Nxg8
Rxe3+ 54. Kg2 Rxe4 55. Ne7 Rxb4 56. f6+ Kh7 57. Be2 Rb2 58. Kf1 Rb1+ 59. Kf2
Rb2 60. Ke3 Rb3+ 61. Kd4 Rxh3 62. Kd5 Rh2 63. Rc2 Rf2 64. g5 hxg5 65. Kxd6
Rxf6+ 1/2-1/2